00522 2200193 4500001002100000005001500021035002000036245006600056100001700122250001000139300003000149700002000179260004700199082001300246084001900259020002200278650001700300990001100317INLIS00000000000167320240912125512 a0010-09240000121 aCrayon Shinchan :bKeajaiban Ilmu Pengetahuan /cYoshito Usui0 aYoshito Usui aCet.1 a207 hlm :bilust ;c21 cm0 aErika Valentina aJakarta :bPT Elex Media Komputindo,c2010 a741.5592 a741.5592 YOS c a978-979-27-7664-5 4aKomik Jepang a003301